000 00278nam a22001337a 4500
008 170614b xxu||||| |||| 00| 0 eng d
020 _a087187427X
041 _aeng
080 _a324
100 _a19
101 _aSHP
245 _aGOVERNNG
_cDAVIDSON, R.H
942 _2udc
_cBK
999 _c17344
_d17344